000 00415nam a22001697a 4500
008 150923b xxu||||| |||| 00| 0 eng d
020 _a0135514665
041 0 _aeng
080 _a658
245 _aManagement /
_cStephen P. Robbins;
250 _a2nd ed.
260 _aNew Jersey:
_bPrentice hall;
_c1988.
300 _a715 f.:
_bme il.;
_c25 cm.
650 0 _aOrganizim
650 0 _aMenaxhim
942 _2udc
_cBK
999 _c1163
_d1163